University Home | Library Home | Institutional Repository

Protozoology, (Record no. 134061)

MARC details
000 -LEADER
fixed length control field 00719cam4a220019300 4500
001 - CONTROL NUMBER
control field lce00577337
005 - DATE AND TIME OF LATEST TRANSACTION
control field 20190822115606.0
008 - FIXED-LENGTH DATA ELEMENTS--GENERAL INFORMATION
fixed length control field 711124s1966 ilua b 000 0 eng
035 ## - SYSTEM CONTROL NUMBER
System control number (Sirsi) r94725
050 ## - LIBRARY OF CONGRESS CALL NUMBER
Classification number QL366
Item number .K8 1966
100 ## - MAIN ENTRY--PERSONAL NAME
Personal name Kudo, R. R. (Richard Roksabro), b. 1886.
Fuller form of name Kudo, R. R. (Richard Roksabro), b. 1886.
Dates associated with a name Kudo, R. R. (Richard Roksabro), b. 1886.
Linkage A53386.1
240 ## - UNIFORM TITLE
Uniform title Handbook of protozoology
245 ## - TITLE STATEMENT
Title Protozoology,
Statement of responsibility, etc. by Richard R. Kudo.
250 ## - EDITION STATEMENT
Edition statement 5th ed.
260 ## - PUBLICATION, DISTRIBUTION, ETC.
Place of publication, distribution, etc. Springfield, Ill.,
Name of publisher, distributor, etc. Thomas
Date of publication, distribution, etc. [1966]
500 ## - GENERAL NOTE
General note First ed. published in 1931 under title: Handbook of protozoology.
504 ## - BIBLIOGRAPHY, ETC. NOTE
Bibliography, etc. note Includes bibliographical references.
650 ## - SUBJECT ADDED ENTRY--TOPICAL TERM
Topical term or geographic name entry element Protozoology.
Linkage S2008.1

No items available.

© 2026 - The University of Zambia Library - Koha v25.11